000 00721nam a2200229 a 4500
999 _c5882
_d5882
001 5882
003 BD-JhCC
005 20171230092026.0
008 171230s1995 bg a|||| ||a| 001 0 ben d
020 _a9789848866467
035 _a(BD-JhCC)5882
040 _aBD-JhCC
_dBD-JhCC
041 _aben
082 _a891.4409
_bMAT 1995
100 _aমাতুব্বর, আরজ আলী
245 _aআরজ আলী মাতুব্বর রচনা সমগ্র ২ /
_cআরজ আলী মাতুব্বর
260 _aঢাকা :
_bপাঠক সমাবেশ,
_c1997.
300 _a315 p. :
_c21 cm.
_billu,
650 _aBengali Literature
942 _2ddc
_cBK